Language Quiz

Random Language or Animal Quiz

Animal Animal Names Quiz Stats

 Plays Quiz not verified by Sporcle

Support Sporcle.
Go Orange.
Score 0/24 Timer 04:00
0 Plays Today
% Correct
Spider
92.5%
Turtle
90.9%
Horse
87.5%
Tiger
87.5%
Whale
85%
Turkey
82.5%
Mule
80%
Leopard
80%
Zebra
77.5%
Leopard
77.5%
Rat
77.5%
Chicken
77.5%
% Correct
Zebra
77.5%
Elephant
75%
Rhinoceros
75%
Kangaroo
72.5%
Leopard
67.5%
Squirrel
67.5%
Wolf
67.5%
Leopard
67.5%
Ant
65%
Fox
65%
Camel
62.5%
Raccoon
62.5%

You're not logged in!

Compare scores with friends on all Sporcle quizzes.
OR
Log In

From the Vault

Top Hit Artists of the '60s

by caramba

Time to dust off those old records and turn on the lava lamp, because it's a '60s music quiz.
Remove Ads.
Support Sporcle.
Get the best of Sporcle when you Go Orange. This ad-free experience offers more features, more stats, and more fun while also helping to support Sporcle. Thank you for becoming a member.

Show Comments

Extras

Created Jan 10, 2016ReportNominate
Tags:Animal Quiz

Top Quizzes Today


Score Distribution

Your Account Isn't Verified!

In order to create a playlist on Sporcle, you need to verify the email address you used during registration. Go to your Sporcle Settings to finish the process.

Report this User

Report this user for behavior that violates our Community Guidelines.

Details: